Bilingvní rodina /
Uloženo v:
| Hlavní autor: | |
|---|---|
| Další autoři: | , , |
| Médium: | Kniha |
| Jazyk: | Czech |
| Vydáno: |
Praha :
Portál,
2008
|
| Vydání: | Vyd. 1. |
| Témata: | |
| Celkem bylo vypůjčeno: | 2x |
| Tagy: |
Žádné tagy |
| LEADER | 01200nam a2200289 a 4500 | ||
|---|---|---|---|
| 001 | 69312 | ||
| 005 | 20240330062841.0 | ||
| 008 | 081218s2008----xr ---------u-------cze-d | ||
| 015 | |a cnb001801773 | ||
| 020 | |a 978-80-7367-358-1 : |c 289.00 Kč | ||
| 040 | |a UOG502 |e AACR2 |9 1 |b cze | ||
| 041 | 1 | |a cze |h eng | |
| 080 | |a 37.018.1 | ||
| 080 | |a 800 | ||
| 100 | 1 | |a Harding-Esch, Edith |7 pna2006352674 |4 aut |9 5668 | |
| 245 | 1 | 0 | |a Bilingvní rodina / |c Edith Harding-Esch, Philip Riley ; [z anglického originálu ... přeložily Pavla Le Roch a Alice Zavadilová] |
| 250 | |a Vyd. 1. | ||
| 260 | |a Praha : |b Portál, |c 2008 | ||
| 300 | |a 223 s. | ||
| 653 | |a výchova |a děti |a lingvistika |a psycholingvistika |a bilingvismus |a jazyková výuka |a rodinná výchova |a příručky |a bilingvní rodiny |a rodina |a dvojjazyčnost | ||
| 700 | 1 | |a Riley, Philip, |d 1941- |7 pna2006352675 |4 aut |9 5669 | |
| 700 | 1 | |a Le Roch, Pavla |7 xx0063434 |4 trl |9 23954 | |
| 700 | 1 | |a Zavadilová, Alice |4 trl |9 49407 | |
| 910 | |a UOG502 | ||
| 999 | |c 69312 |d 69312 | ||
| 942 | 0 | 0 | |0 2 |
| 993 | |0 0 |1 421180069893 |4 0 |6 37_000000000000000 |7 0 |9 51102 |a 213.86 |b 0 |c 69893 |d 2008-12-18 |e 2 |f SKLAD |g 37 |h 289.00 |i Kosmas Praha |j 127 |l SKLAD |r 2023-08-22 |t 5 |w 2017-09-19 |y KN |z NAUCNA |v V | ||